Spolupráca s Európskou investičnou bankou

Jednou zo zahraničných aktivít NBS je spolupráca s Európskou investičnou bankou (EIB), ktorá poskytla NBS úver - tzv. Apex Global Loan, predstavuje 28 mil. ECU. Úver je určený na financovanie projektov v oblasti priemyslu, cestovného ruchu, zlepšenia ochrany životného prostredia a dosahovania racion...

Descrizione completa

Salvato in:
Dettagli Bibliografici
Autore principale: Butaš, D.
Natura: Capitolo di libro
Lingua:slovacco
Soggetti:
Tags: Aggiungi Tag
Nessun Tag, puoi essere il primo ad aggiungerne!!

MARC

LEADER 00000naa a2200000 4500
001 r014835
005 20221213113119.2
041 0 |a slo 
044 |a SK 
245 1 0 |a Spolupráca s Európskou investičnou bankou  |c D. Butaš 
520 |a Jednou zo zahraničných aktivít NBS je spolupráca s Európskou investičnou bankou (EIB), ktorá poskytla NBS úver - tzv. Apex Global Loan, predstavuje 28 mil. ECU. Úver je určený na financovanie projektov v oblasti priemyslu, cestovného ruchu, zlepšenia ochrany životného prostredia a dosahovania racionálnejšieho využívania energií na Slovensku. 
610 2 0 |a banky 
610 2 0 |a NBS Bratislava 
610 2 0 |a Európska investičná banka 
610 2 0 |a úver bankový 
610 2 0 |a Apex Global Loan 
610 2 0 |a 1993 
610 2 0 |a Slovensko 
100 1 |a Butaš, D.